000 00225nam a2200097Ia 4500
008 170619s9999 xx 000 0 und d
100 _aHarigopal K
245 0 _aWho moved my cheese
260 _bLondon : C C Mission
260 _c2002
546 _aENGLISH
999 _c17306
_d17306